LEADER 03065nam0-22005411i-450- 001 990000143300203316 005 20090715093648.0 011 $a0303-402X 035 $a0014330 035 $aUSA010014330 035 $a(ALEPH)000014330USA01 035 $a0014330 100 $a19960308a----9999km-y0itay0103----ba 101 0 $aeng 102 $aGE 110 $aafa----0--1 200 1 $aColloid & polymer science$dKolloid - Zeitschrift und Zetischrift für Polymere$eofficial journal of the Kolloid - Gelleschaft 210 $aBerlin [etc.]$cSpringer-Verlag 215 $av.$cill. 300 $aComincia nel 1906 326 $aMensile 422 $100100105269$12001$aProgress in Colloid and Polymer Science 606 $aChimica$xPeriodici 676 $a547 801 $aSistema bibliotecario di Ateneo dell' Università di Salerno$gRICA 856 4 $uhttp://springerlink.metapress.com/content/101551/?p=52266f3fce6f43cb908516bb62d75848&pi=101$4.$zOnline da workstation autorizzate 912 $a990000143300203316 958 $aTEC$bFondo$c271(1993)-286(2008); 959 $aSE 979 $c19960308 979 $c20001110$lUSA01$h1712 979 $aJOHNNY$b90$c20020207$lUSA01$h1302 979 $aJOHNNY$b90$c20020321$lUSA01$h1419 979 $c20020403$lUSA01$h1622 979 $aPATRY$b90$c20040406$lUSA01$h1610 979 $aVITTORIANA$b90$c20090715$lUSA01$h0934 979 $aVITTORIANA$b90$c20090715$lUSA01$h0936 996 $aColloid & polymer science$9881348 997 $aUNISA Z30 2$lUSA50$LAdministrative$mISSBD$1TEC$ATEC$3Chim F$616680 Ing$5B1011$820021209$a2001$b279$c1$f09$FNON Prestabile$hVol.279, nn. 1-12 (2001)$i20010115$j20010122$k20020218 Z30 2$lUSA50$LAdministrative$mISSBD$1TEC$ATEC$3Chim F$616848 Ing$5B3777$820030626$a2002$b280$c1$f09$FNON Prestabile$hVol.280, nn. 1-12 (2002)$i20020115$j20020122$k20020325 Z30 2$lUSA50$LAdministrative$mISSBD$1TEC$ATEC$3Chim F$617419 Ing$5B37886$820031128$a2003$b281$c1$f09$FNON Prestabile$hVol.281, nn. 1-12 (2003)$i20030115$j20030122$k20030612 Z30 2$lUSA50$LAdministrative$mISSUE$1TEC$ATEC$3CHIM F$514330-400$820031125$a2004$b282$c1$f09$FNON Prestabile$hVol.282, n. 1 (2004)$i20040115$j20040122$k20040317 Z30 2$lUSA50$LAdministrative$mISSUE$1TEC$ATEC$3CHIM F$514330-420$820040317$a2004$b282$c2$f09$FNON Prestabile$hVol.282, n. 2 (2004)$i20040215$j20040222$k20040317 Z30 2$lUSA50$LAdministrative$mISSUE$1TEC$ATEC$3CHIM F$514330-430$820040317$a2004$b282$c3$f09$FNON Prestabile$hVol.282, n. 3 (2004)$i20040315$j20040322$k20040317 Z30 2$lUSA50$LAdministrative$mISSUE$1TEC$ATEC$3CHIM F$514330-440$820040317$a2004$b282$c4$f09$FNON Prestabile$hVol.282, n. 4 (2004)$i20040415$j20040422$k20040317 Z30 2$lUSA50$LAdministrative$mISSUE$1TEC$ATEC$3CHIM F$514330-450$820040317$a2004$b282$c5$f09$FNON Prestabile$hVol.282, n. 5 (2004)$i20040515$j20040522$k20040323 Z30 2$lUSA50$LAdministrative$mISSUE$1TEC$ATEC$3CHIM F$514330-460$820040323$a2004$b282$c6$f09$FNON Prestabile$hVol.282, n. 6 (2004)$i20040615$j20040622 LEADER 02751nam 22005892 450 001 9910817086603321 005 20210708115511.0 010 $a1-64189-102-5 010 $a1-64189-101-7 024 7 $a10.1515/9781641891011 035 $a(CKB)4100000011946084 035 $a(UkCbUP)CR9781641891011 035 $a(DE-B1597)576959 035 $a(DE-B1597)9781641891011 035 $a(MiAaPQ)EBC6631099 035 $a(Au-PeEL)EBL6631099 035 $a(OCoLC)1255226286 035 $a(EXLCZ)994100000011946084 100 $a20210607d2021|||| uy| 0 101 0 $aeng 135 $aur||||||||||| 181 $ctxt$2rdacontent 182 $cc$2rdamedia 183 $acr$2rdacarrier 200 10$aArianism /$fMarilyn Dunn$b[electronic resource] 210 1$aLeeds :$cArc Humanities Press,$d2021. 215 $a1 online resource (115 pages) $cdigital, PDF file(s) 225 1 $aPast imperfect 300 $aTitle from publisher's bibliographic system (viewed on 18 Jun 2021). 311 $a1-64189-100-9 327 $tFrontmatter -- $tContents -- $tMaps -- $tIntroduction: What Was Arianism? -- $tChapter 1. Was Arius an Arian? -- $tChapter 2. Entry-Level Christianity -- $tChapter 3. Barbarian Homoianism after 381 -- $tChapter 4. Barbarian Homoianism in the Fifth and Sixth Centuries -- $tChapter 5. Arianism after Arianism -- $tFurther Reading 330 $aThis book surveys Arianism, a Christian creed of tremendous historical importance that once served as the faith of Roman emperors and the barbarians on the frontiers alike, while it simultaneously advances existing scholarship by integrating the approaches of history and theology with those drawn from the cognitive science of religion. This paradigm shift allows us to understand the initial support for the Arian creed and its eventual rejection by Roman emperors; to recognize the nature of intuitions of divinity amongst Germanic peoples before their conversion; to discern the way in which these were translated into Christian belief; and to differentiate the beliefs of Arius from those called 'Arians' by their opponents. 410 0$aPast imperfect (ARC Humanities Press) 606 $aArianism$xHistory 606 $aChurch history$yPrimitive and early church, ca. 30-600 610 $aArianism. 610 $aArius. 610 $aChristianity. 610 $aChurch History. 610 $aEcclesiastical History. 610 $aHomoianism. 610 $aLate Antiquity. 615 0$aArianism$xHistory. 615 0$aChurch history 676 $a273.4 700 $aDunn$b Marilyn$0602704 801 0$bUkCbUP 801 1$bUkCbUP 906 $aBOOK 912 $a9910817086603321 996 $aArianism$93952454 997 $aUNINA